Vplyv veľkostných kritérií podniku na účtovnú dokumentáciu dizertačná práca

Na minha lista:
Detalhes bibliográficos
Autor principal: Marci, Anton, 1989-
Autor Corporativo: Fakulta hospodárskej informatiky EU. Katedra účtovníctva a audítorstva
Outros Autores: Juhászová, Zuzana, 1970-
Formato: Livro
Idioma:eslovaco
Publicado em: Bratislava 2018
Assuntos:
Tags: Adicionar Tag
Sem tags, seja o primeiro a adicionar uma tag!

MARC

LEADER 00000nbm a2200000 4500
001 0247354
005 20230302103558.5
041 0 |a slo 
044 |a SK 
245 1 0 |a Vplyv veľkostných kritérií podniku na účtovnú dokumentáciu  |b dizertačná práca  |c Anton Marci ; školiteľ: Zuzana Juhászová 
264 1 |a Bratislava  |c 2018 
300 |a 125 s. 
610 2 0 |a podnik 
610 2 0 |a veľkosť podnikov 
610 2 0 |a dokumentácia účtovná 
610 2 0 |a administratíva 
610 2 0 |a zaťaženie pracovné 
100 1 |a Marci, Anton, 1989- 
700 1 |a Juhászová, Zuzana, 1970- 
710 2 |a Fakulta hospodárskej informatiky EU. Katedra účtovníctva a audítorstva